000
00365nam a22001577a 4500
003
MPLRDC
005
20220104114650.0
008
210129b ||||| |||| 00| 0 eng d
082
_a
293.3 GZM
100
_a
谷中鸣
245
_a
姓名学. 招牌学
_c
260
_a
_b
谷中鸣业余命研究中心
_c
300
_b
平
650
_a
942
_c
BK
_o
293.3 GZM
999
_c
9267
_d
9257